Statistics for Yakko's World Lyrics

Click here to take the quiz!

General Stats

  • This quiz has been taken 217 times
    (205 since last reset)
  • The average score is 86 of 160

Answer Stats

Answer% Correct
United States
98%
Canada
97%
Mexico
95%
Panama
93%
Haiti
91%
Peru
90%
Jamaica
89%
Republic Dominican
83%
Cuba
82%
Carribbean
78%
El Salvador
78%
Greenland
78%
Puerto Rico
76%
Colombia
75%
Venezuela
75%
Honduras
74%
Argentina
72%
Brazil
72%
Guyana
72%
Bolivia
71%
Chile
71%
Germany
71%
Guatemala
71%
Ecuador
70%
Costa Rica
69%
Finland
69%
Norway
69%
Sweden
69%
Belize
68%
Iceland
68%
Guam
67%
Nicaragua
67%
Bahamas
66%
Greece
66%
Paraguay
66%
San Juan
66%
Uruguay
66%
Austria
65%
Barbados
65%
Bermuda
65%
French Guiana
65%
Italy
65%
Oman
65%
Russia
65%
Scotland
65%
Turkey
65%
Albania
64%
Ireland
64%
Poland
64%
Romania
64%
Switzerland
64%
Tobago
64%
Czechoslovakia
63%
Suriname
63%
Yemens
62%
Iran
61%
Iraq
61%
Lebanon
61%
Syria
61%
Bahrain
60%
Bulgaria
60%
Saudi Arabia
60%
Netherlands
59%
Cyprus
58%
Denmark
58%
France
58%
Hungary
58%
Israel
58%
Kuwait
58%
Spain
58%
Jordan
57%
Belgium
56%
England
56%
Luxembourg
56%
Portugal
56%
Afghanistan
55%
Burma
55%
India
55%
Pakistan
55%
Bhutan
54%
Nepal
53%
Thailand
53%
Asia
52%
Bangladesh
52%
China
51%
Japan
51%
Korea
51%
Malaysia
51%
Kampuchea
49%
Botswana
48%
Indonesia
48%
Mongolia
48%
Morocco
48%
Taiwan
48%
Zimbabwe
48%
Djibouti
47%
Tibet
47%
Uganda
47%
Vietnam
47%
Angola
46%
Laos
46%
Mozambique
46%
Tunisia
46%
Borneo
45%
New Guinea
45%
New Zealand
45%
Philippine Islands
45%
Spanish Sahara
45%
Sumatra
45%
Ghana
44%
Sri Lanka
44%
Zambia
43%
Algeria
42%
Chad
42%
Egypt
42%
Gambia
42%
Guinea
42%
Lesotho
42%
Liberia
42%
Niger
42%
Nigeria
42%
Swaziland
42%
Togo
42%
Burundi
41%
Benin
40%
Gabon
40%
Malawi
40%
Kenya
38%
Mali
38%
Somalia
37%
Tanzania
37%
Algiers
36%
Sierra Leone
36%
Cameroon
35%
Congo
35%
Dahomey
35%
Libya
35%
Namibia
35%
Senegal
35%
Sudan
35%
Australia
34%
Ethiopia
34%
Madagascar
34%
Guinea-Bissau
33%
Rwanda
33%
Fiji
32%
Palestine
32%
Zaire
32%
Transylvania
31%
Hong Kong
30%
Liechtenstein
30%
Malta
30%
Mauritania
30%
Monaco
30%
Abu Dhabi
29%
Cayman
29%
Crete
29%
Qatar
29%
Yugoslavia
29%
Mahore
26%

Score Distribution

Percentile by Number Answered

Percent of People with Each Score

Your Score History

You have not taken this quiz since the last reset